| 000 | 00834nam a2200253Ia 4500 | ||
|---|---|---|---|
| 001 | 21816 | ||
| 005 | 20260320113315.0 | ||
| 008 | 260320s9999||||xx |||||||||||||| ||und|| | ||
| 020 | _a9788425235566 | ||
| 041 | _aESP | ||
| 082 |
_a720.9 _bF57 |
||
| 100 |
_aFletcher, Margaret, _eAUT |
||
| 245 | 0 |
_aManual de estilos arquitectónicos : _buna guía visual |
|
| 246 |
_aArchitectural styles : _5a visual guide _b |
||
| 260 |
_aBarcelona : _bGG, _c2025 |
||
| 300 |
_a287 páginas : _bilustraciones ; _c23 cm. _e |
||
| 440 |
_a _n _v |
||
| 650 | _aABD | ||
| 653 | _aArquitectura; Estilos arquitectónicos | ||
| 654 | _aCAU | ||
| 700 |
_aOrts, Patricia, _cTRA |
||
| 856 |
_uhttps://aplust-net.ucsp.lookproxy.com/area-privada/biblioteca-digital/ _zVéase además: Base de datos A+T Architecture Publishers |
||
| 942 |
_cLIB _dJUS _fMAT _2ddc _n |
||
| 999 |
_c21816 _d21816 |
||